[Event "British Chess Championships 2023: Major Open"]
[Site "The Venue, De Montfort University, 20 Western Boulevard, Leicester, LE2 7BU"]
[Date "2023.07.26"]
[Round "5"]
[Board "24"]
[White "Young, Daniel J"]
[Black "Sheikh, Anum"]
[Result "1/2-1/2"]
[WhiteElo "1913"]
[BlackElo "1744"]
[PlyCount "123"]
[EventDate "2023.07.22"]
[EventRounds "9"]
[EventCountry "ENG"]

1. e4 c5 2. Nf3 e6 3. d4 cxd4 4. Nxd4 Nc6 5. Nc3 Qc7 6. Be3 a6 7. Qf3 Nf6 8.
O-O-O h5 9. Be2 b5 10. e5 Ng4 11. Nxc6 dxc6 12. Bf4 Bb7 13. Qg3 Nh6 14. Bxh6
Rxh6 15. Ne4 h4 16. Qg5 Rd8 17. Nd6+ Bxd6 18. exd6 Rxd6 19. Qxg7 Rxd1+ 20. Rxd1
Qf4+ 21. Kb1 Ke7 22. Qg8 Qc7 23. Qg5+ Rf6 24. Qxh4 c5 25. g4 Qf4 26. Qh8 Bd5
27. h4 Rh6 28. Qc8 Rxh4 29. Qxc5+ Kf6 30. Qc3+ Kg6 31. Bd3+ Be4 32. Bxe4+ Qxe4
33. f3 Qe2 34. Re1 Qg2 35. Qd3+ Kg7 36. Qd4+ Kg6 37. Qe4+ Kg7 38. Qd4+ Kg6 39.
Qd3+ Kg7 40. b3 Rh3 41. Qd4+ Kg6 42. f4 Qxg4 43. Rg1 Rg3 44. f5+ Kg5 45. Rxg3
Qxg3 46. Qg7+ Kf4 47. Qxg3+ Kxg3 48. fxe6 fxe6 49. c4 bxc4 50. bxc4 Kf4 51. Kc2
Ke5 52. Kd3 Kd6 53. Kd4 a5 54. c5+ Kc6 55. Kc4 e5 56. a4 e4 57. Kd4 e3 58. Kxe3
Kxc5 59. Kd3 Kb4 60. Kc2 Kxa4 61. Kb2 Kb4 62. Ka2  1/2-1/2

[Event "British Chess Championships 2023: Major Open"]
[Site "The Venue, De Montfort University, 20 Western Boulevard, Leicester, LE2 7BU"]
[Date "2023.07.26"]
[Round "5"]
[Board "25"]
[White "Macqueen, Andrew"]
[Black "Rice, Chris B"]
[Result "0-1"]
[WhiteElo "1759"]
[BlackElo "1892"]
[PlyCount "42"]
[EventDate "2023.07.22"]
[EventRounds "9"]
[EventCountry "ENG"]

1. e4 c6 2. d4 d5 3. Nc3 dxe4 4. Nxe4 Nf6 5. Nxf6+ exf6 6. Nf3 Bd6 7. Be3 O-O
8. Qd2 Re8 9. O-O-O Nd7 10. Bc4 Nf8 11. Bd3 Be6 12. Kb1 b5 13. Nh4 b4 14. b3 a5
15. f4 a4 16. Be4 axb3 17. cxb3 Bxb3 18. Bxh7+ Nxh7 19. axb3 Qa5 20. Qf2 Qa1+
21. Kc2 Qc3+  0-1

[Event "British Chess Championships 2023: Major Open"]
[Site "The Venue, De Montfort University, 20 Western Boulevard, Leicester, LE2 7BU"]
[Date "2023.07.26"]
[Round "5"]
[Board "27"]
[White "Sinclair, Colin"]
[Black "Gibson, Christopher A"]
[Result "0-1"]
[WhiteElo "1652"]
[BlackElo "1820"]
[PlyCount "72"]
[EventDate "2023.07.22"]
[EventRounds "9"]
[EventCountry "ENG"]

1. b3 Nf6 2. Bb2 d6 3. e3 e5 4. g3 Bg4 5. Be2 Bxe2 6. Nxe2 Be7 7. d4 e4 8. Nd2
d5 9. c4 c6 10. O-O h5 11. h3 Qd7 12. Kg2 Na6 13. a3 Nc7 14. f4 g6 15. Ng1 Ne6
16. Qe2 Ng7 17. Rf2 Nf5 18. Nf1 O-O-O 19. a4 Rdg8 20. cxd5 Nxd5 21. Ba3 Bd8 22.
b4 g5 23. b5 cxb5 24. axb5 Kb8 25. Bc5 b6 26. Ba3 gxf4 27. exf4 Nxg3 28. Nxg3
Bh4 29. Qxe4 Rxg3+ 30. Kh2 Re3 31. Qg2 Bxf2 32. Qxf2 Rg8 33. f5 Kb7 34. Ne2
Qc7+ 35. Nf4 Qxf4+ 36. Qxf4 Nxf4  0-1

[Event "British Chess Championships 2023: Major Open"]
[Site "The Venue, De Montfort University, 20 Western Boulevard, Leicester, LE2 7BU"]
[Date "2023.07.26"]
[Round "5"]
[Board "28"]
[White "Turner, Lewis A"]
[Black "Isik, Muhammed Oguz"]
[Result "1-0"]
[WhiteElo "1803"]
[BlackElo "1701"]
[PlyCount "83"]
[EventDate "2023.07.22"]
[EventRounds "9"]
[EventCountry "ENG"]

1. e4 e5 2. Nf3 Nc6 3. Bb5 a6 4. Ba4 Nf6 5. O-O b5 6. Bb3 Be7 7. Re1 O-O 8. c3
d5 9. exd5 Nxd5 10. Nxe5 Nxe5 11. Rxe5 c6 12. d3 Bd6 13. Re1 Bf5 14. Nd2 Bxd3
15. Nf3 Bg6 16. g3 Nf6 17. Nh4 Kh8 18. Nxg6+ fxg6 19. Re6 Ne8 20. Be3 Qc7 21.
Qf1 Rf6 22. Re4 Rf5 23. Rd1 Nf6 24. Re6 Ng4 25. Qe2 Nxe3 26. Rdxd6 Nc4 27. Bxc4
bxc4 28. Rxc6 Qf7 29. Qxc4 Rf8 30. Re2 Qd7 31. Qe6 Qd3 32. Qe4 Qb5 33. Re6 Qc5
34. Re5 Rxe5 35. Qxe5 Qc4 36. b3 Qd3 37. Qe3 Qf5 38. Kg2 Qa5 39. c4 h6 40. Qe5
Qb6 41. Qd5 Rf5 42. Re8+  1-0

[Event "British Chess Championships 2023: Major Open"]
[Site "The Venue, De Montfort University, 20 Western Boulevard, Leicester, LE2 7BU"]
[Date "2023.07.26"]
[Round "5"]
[Board "29"]
[White "Pilley, Jack"]
[Black "Whittington, Reece W"]
[Result "1/2-1/2"]
[WhiteElo "1785"]
[BlackElo "1624"]
[PlyCount "51"]
[EventDate "2023.07.22"]
[EventRounds "9"]
[EventCountry "ENG"]

1. e4 e6 2. d4 d5 3. Nd2 Nf6 4. e5 Nfd7 5. Bd3 c5 6. c3 Nc6 7. Ngf3 Qb6 8. O-O
cxd4 9. cxd4 Nxd4 10. Nxd4 Qxd4 11. Nf3 Qb6 12. a3 f6 13. Be3 Bc5 14. exf6 Nxf6
15. Bc1 O-O 16. b4 Bxf2+ 17. Rxf2 Ng4 18. Raa2 e5 19. h3 Nxf2 20. Rxf2 e4 21.
Be2 exf3 22. Bxf3 Be6 23. Bb2 Rad8 24. Bd4 Qa6 25. Qe1 Rf4 26. Be5  1/2-1/2

[Event "British Chess Championships 2023: Major Open"]
[Site "The Venue, De Montfort University, 20 Western Boulevard, Leicester, LE2 7BU"]
[Date "2023.07.26"]
[Round "5"]
[Board "30"]
[White "Dayal, Samar"]
[Black "Kothari, Jai"]
[Result "1/2-1/2"]
[WhiteElo "1433"]
[BlackElo "1782"]
[PlyCount "79"]
[EventDate "2023.07.22"]
[EventRounds "9"]
[EventCountry "ENG"]

1. e4 e5 2. Nf3 Nc6 3. Bc4 Nf6 4. O-O Nxe4 5. Nc3 Nxc3 6. dxc3 Be7 7. Qd5 O-O
8. Nxe5 Nxe5 9. Qxe5 Bf6 10. Qh5 g6 11. Qf3 Bg7 12. Bf4 d6 13. Rfe1 c6 14. Rad1
d5 15. Bb3 b5 16. Be3 h5 17. Qg3 Bg4 18. f3 Bf5 19. Bc5 Re8 20. Rxe8+ Qxe8 21.
Re1 Qd8 22. Qf2 a6 23. Be7 Qc7 24. Qc5 Be6 25. a4 Qa7 26. Ra1 Qxc5+ 27. Bxc5
Bf8 28. Bxf8 Kxf8 29. axb5 cxb5 30. Kf2 Ke7 31. Ke3 Kd6 32. Kd4 a5 33. Rd1 a4
34. Ba2 g5 35. Rd2 Rb8 36. Ke3 Rc8 37. Kd4 Rc7 38. Re2 f6 39. Re1 Rc8 40. Re2
 1/2-1/2

[Event "British Chess Championships 2023: Major Open"]
[Site "The Venue, De Montfort University, 20 Western Boulevard, Leicester, LE2 7BU"]
[Date "2023.07.26"]
[Round "5"]
[Board "32"]
[White "Chantrell, Paul"]
[Black "Burton, Sean"]
[Result "0-1"]
[WhiteElo "1576"]
[BlackElo "1715"]
[PlyCount "62"]
[EventDate "2023.07.22"]
[EventRounds "9"]
[EventCountry "ENG"]

1. e4 c5 2. Nf3 d6 3. d4 cxd4 4. Nxd4 Nf6 5. Nc3 a6 6. Be2 e5 7. Nb3 Be7 8. Bg5
Be6 9. Bxf6 Bxf6 10. Nd5 Nd7 11. Qd3 Bg5 12. O-O O-O 13. a4 Rc8 14. c3 Nb6 15.
Nd2 Bxd5 16. exd5 f5 17. f3 Qf6 18. a5 Nd7 19. Nb3 Qh6 20. g3 Be3+ 21. Kg2 f4
22. Rh1 Rf6 23. Qd1 Rg6 24. Bd3 Rg5 25. g4 Qh4 26. Qe1 Rxg4+ 27. Kf1 Qh3+ 28.
Ke2 Rg2+ 29. Kd1 Qxf3+ 30. Be2 Qxd5+ 31. Nd2 f3  0-1

[Event "British Chess Championships 2023: Major Open"]
[Site "The Venue, De Montfort University, 20 Western Boulevard, Leicester, LE2 7BU"]
[Date "2023.07.26"]
[Round "5"]
[Board "33"]
[White "Gamage Ranasinghe, Yuman Ranjula"]
[Black "Twisk, Sebastian"]
[Result "1-0"]
[WhiteElo "1100"]
[BlackElo "1599"]
[PlyCount "39"]
[EventDate "2023.07.22"]
[EventRounds "9"]
[EventCountry "ENG"]

1. e4 c6 2. d4 d5 3. f3 Qb6 4. Nc3 dxe4 5. Bc4 exf3 6. Nxf3 Nf6 7. O-O e6 8.
Qd3 Be7 9. Kh1 h6 10. Ne5 Nbd7 11. Bb3 c5 12. Be3 Qd8 13. Qe2 O-O 14. Qf3 cxd4
15. Bxd4 Nxe5 16. Bxe5 Qa5 17. Rae1 Bd7 18. Qg3 Kh8 19. Ne4 Nxe4 20. Qxg7#  1-0

[Event "British Chess Championships 2023: Major Open"]
[Site "The Venue, De Montfort University, 20 Western Boulevard, Leicester, LE2 7BU"]
[Date "2023.07.26"]
[Round "5"]
[Board "35"]
[White "Gonzales, Ceferino"]
[Black "Bellano, Harry"]
[Result "1-0"]
[WhiteElo "1493"]
[BlackElo "1470"]
[PlyCount "211"]
[EventDate "2023.07.22"]
[EventRounds "9"]
[EventCountry "ENG"]

1. c4 Nf6 2. Nc3 e6 3. e4 Bb4 4. Nge2 c5 5. e5 Ng4 6. d4 h5 7. h3 Nh6 8. a3
Bxc3+ 9. Nxc3 cxd4 10. Qxd4 Nc6 11. Qe4 Nf5 12. Bf4 a6 13. b4 Rb8 14. Rd1 Nce7
15. Be2 Ng6 16. Bh2 Qh4 17. g3 Qg5 18. h4 Qd8 19. Nd5 Nxg3 20. Bxg3 exd5 21.
cxd5 Ra8 22. e6 dxe6 23. dxe6 Qf6 24. exf7+ Kxf7 25. Bc4+ Kf8 26. Bd6+ Ne7 27.
Be5 Bf5 28. Qd4 Qg6 29. Qd8+ Qe8 30. Qxe8+ Rxe8 31. O-O b5 32. Bb3 Rh6 33. Kh2
Be6 34. Bc2 Nf5 35. Bf4 Rf6 36. Bg5 Rf7 37. Rd2 Rc7 38. Re1 g6 39. Bxf5 Bxf5
40. Rxe8+ Kxe8 41. Rd8+ Kf7 42. Ra8 Rc6 43. Be3 Ke6 44. Bc5 Kd5 45. Kg3 Kc4 46.
Re8 Re6 47. Rxe6 Bxe6 48. Kf4 Kb3 49. Ke5 Bf5 50. Kd4 Kxa3 51. Kc3 Ka4 52. Bb6
Ka3 53. Bd8 Ka2 54. Bc7 Kb1 55. Bf4 Bg4 56. Be3 Ka2 57. Bg5 Ka3 58. Bd8 Bf5 59.
Be7 Ka4 60. Bd8 Be6 61. f4 Ka3 62. Bb6 Ka4 63. Bc7 Ka3 64. Bb6 Bf5 65. Bc7 Ka2
66. Bb6 Ka3 67. Bc7 Bg4 68. Bb6 Ka2 69. Bc5 Kb1 70. Be3 Bf5 71. Bd2 a5 72. bxa5
b4+ 73. Kxb4 Kc2 74. Bc3 Kd3 75. Bf6 Ke3 76. a6 Kxf4 77. Kc5 Be4 78. Kd6 Kf5
79. Bg5 Bf3 80. a7 Be4 81. Kc7 Ke6 82. Kb8 Kd7 83. a8=Q Bxa8 84. Kxa8 Kc8 85.
Bf4 Kd7 86. Kb7 Kd8 87. Kc6 Ke7 88. Kd5 Kf6 89. Bg5+ Kf7 90. Kd6 Kf8 91. Ke6
Kg7 92. Ke7 Kg8 93. Kf6 Kh7 94. Kf7 Kh8 95. Kxg6 Kg8 96. Bf6 Kf8 97. Kxh5 Kg8
98. Kg6 Kf8 99. h5 Kg8 100. h6 Kf8 101. h7 Ke8 102. h8=Q+ Kd7 103. Qh5 Ke8 104.
Qh7 Kf8 105. Qg7+ Ke8 106. Qe7#  1-0

[Event "British Chess Championships 2023: Major Open"]
[Site "The Venue, De Montfort University, 20 Western Boulevard, Leicester, LE2 7BU"]
[Date "2023.07.26"]
[Round "5"]
[Board "36"]
[White "Berkley, Stephen W"]
[Black "Laronde-Bennett, Sebastian"]
[Result "1/2-1/2"]
[WhiteElo "1587"]
[BlackElo "1613"]
[PlyCount "29"]
[EventDate "2023.07.22"]
[EventRounds "9"]
[EventCountry "ENG"]

1. d4 d5 2. c4 e6 3. Nc3 c5 4. e3 Nc6 5. Nf3 Nf6 6. a3 Be7 7. dxc5 Bxc5 8. b4
Be7 9. cxd5 Nxd5 10. Nxd5 exd5 11. Bb2 O-O 12. Be2 Bg4 13. O-O Bf6 14. Bxf6
Qxf6 15. Nd4  1/2-1/2

[Event "British Chess Championships 2023: Major Open"]
[Site "The Venue, De Montfort University, 20 Western Boulevard, Leicester, LE2 7BU"]
[Date "2023.07.27"]
[Round "6"]
[Board "1"]
[White "Lewis, Andrew P"]
[Black "Verma, Shlok"]
[Result "1-0"]
[WhiteElo "2235"]
[BlackElo "2000"]
[PlyCount "0"]
[EventDate "2023.07.22"]
[EventRounds "9"]
[EventCountry "ENG"]

1. c4 {[%clk 1:30:54]} e6 {[%clk 1:30:17]} 2. Nc3 {[%clk 1:31:07]} d5 {[%clk
1:30:38]} 3. d4 {[%clk 1:31:25]} dxc4 {[%clk 1:30:56]} 4. e4 {[%clk 1:30:53]} a6
{[%clk 1:30:51]} 5. a4 {[%clk 1:25:24]} Nf6 {[%clk 1:30:19]} 6. Bxc4 {[%clk
1:21:17]} Be7 {[%clk 1:29:20]} 7. Nf3 {[%clk 1:15:32]} O-O {[%clk 1:29:12]} 8.
O-O {[%clk 1:15:20]} b6 {[%clk 1:29:27]} 9. Qe2 {[%clk 1:13:32]} Bb7 {[%clk
1:29:04]} 10. Rd1 {[%clk 1:13:18]} c6 {[%clk 1:26:41]} 11. e5 {[%clk 1:00:20]}
Nd5 {[%clk 1:17:16]} 12. Bd3 {[%clk 0:58:54]} Nd7 {[%clk 1:16:57]} 13. Qe4 {[%clk
0:56:53]} g6 {[%clk 1:16:09]} 14. Bh6 {[%clk 0:54:34]} Re8 {[%clk 1:16:17]} 15.
Nxd5 {[%clk 0:46:15]} cxd5 {[%clk 1:15:11]} 16. Qg4 {[%clk 0:43:38]} Nf8 {[%clk
0:56:10]} 17. h4 {[%clk 0:42:37]} Qd7 {[%clk 0:55:47]} 18. Bg5 {[%clk 0:41:27]}
Bc6 {[%clk 0:43:37]} 19. b3 {[%clk 0:36:52]} a5 {[%clk 0:43:26]} 20. Bf6 {[%clk
0:36:13]} Qd8 {[%clk 0:26:34]} 21. Qf4 {[%clk 0:33:34]} Bxf6 {[%clk 0:25:12]} 22.
exf6 {[%clk 0:33:42]} Nd7 {[%clk 0:25:36]} 23. Ne5 {[%clk 0:33:38]} Nxe5 {[%clk
0:25:55]} 24. dxe5 {[%clk 0:31:52]} Kh8 {[%clk 0:26:19]} 25. Rac1 {[%clk
0:29:00]} Rc8 {[%clk 0:24:38]} 26. h5 {[%clk 0:22:28]} Rg8 {[%clk 0:17:55]} 27.
hxg6 {[%clk 0:22:11]} fxg6 {[%clk 0:18:20]} 28. Ba6 {[%clk 0:19:40]} Bd7 {[%clk
0:13:42]} 29. Bxc8 {[%clk 0:18:14]} Bxc8 {[%clk 0:14:07]} 30. Rxc8 {[%clk
0:18:09]}  1-0

[Event "British Chess Championships 2023: Major Open"]
[Site "The Venue, De Montfort University, 20 Western Boulevard, Leicester, LE2 7BU"]
[Date "2023.07.27"]
[Round "6"]
[Board "2"]
[White "Sedykh, Mikhail"]
[Black "Clarke, Brandon Gi"]
[Result "1/2-1/2"]
[WhiteElo "2084"]
[BlackElo "2486"]
[PlyCount "0"]
[EventDate "2023.07.22"]
[EventRounds "9"]
[EventCountry "ENG"]

1. d4 {[%clk 1:30:57]} Nf6 {[%clk 1:30:58]} 2. c4 {[%clk 1:31:20]} g6 {[%clk
1:31:24]} 3. Nc3 {[%clk 1:31:47]} Bg7 {[%clk 1:31:49]} 4. e4 {[%clk 1:32:00]} d6
{[%clk 1:32:17]} 5. Nf3 {[%clk 1:32:17]} O-O {[%clk 1:32:40]} 6. Be2 {[%clk
1:32:18]} Bg4 {[%clk 1:33:04]} 7. O-O {[%clk 1:31:08]} Nfd7 {[%clk 1:33:30]} 8.
Be3 {[%clk 1:28:09]} Nc6 {[%clk 1:33:56]} 9. Rc1 {[%clk 1:17:26]} Bxf3 {[%clk
1:29:49]} 10. Bxf3 {[%clk 1:17:53]} e5 {[%clk 1:29:58]} 11. dxe5 {[%clk 1:06:25]}
dxe5 {[%clk 1:30:20]} 12. Be2 {[%clk 1:02:04]} Nd4 {[%clk 1:30:28]} 13. b4 {[%clk
0:53:22]} c6 {[%clk 1:19:25]} 14. Bd3 {[%clk 0:47:41]} Qe7 {[%clk 1:19:39]} 15.
c5 {[%clk 0:41:42]} Rfd8 {[%clk 1:19:56]} 16. Ne2 {[%clk 0:35:29]} Ne6 {[%clk
1:19:14]} 17. Qb3 {[%clk 0:33:39]} Nf6 {[%clk 1:18:17]} 18. f3 {[%clk 0:30:15]}
Nh5 {[%clk 1:11:18]} 19. g3 {[%clk 0:30:12]} Bf6 {[%clk 1:09:27]} 20. Bc4 {[%clk
0:28:57]} Nhg7 {[%clk 1:09:37]} 21. Rcd1 {[%clk 0:25:29]} h5 {[%clk 1:09:46]} 22.
Rxd8+ {[%clk 0:23:28]} Rxd8 {[%clk 1:10:11]} 23. Rd1 {[%clk 0:23:19]} Re8 {[%clk
1:02:36]} 24. Rd6 {[%clk 0:22:32]} Bg5 {[%clk 0:59:47]} 25. Kg2 {[%clk 0:18:16]}
h4 {[%clk 1:00:02]} 26. Qd3 {[%clk 0:18:11]} Bxe3 {[%clk 0:57:46]} 27. Qxe3
{[%clk 0:18:38]} Kh7 {[%clk 0:56:54]} 28. Qd2 {[%clk 0:18:08]} Qf6 {[%clk
0:56:07]} 29. Ng1 {[%clk 0:15:28]} g5 {[%clk 0:52:45]} 30. Nh3 {[%clk 0:14:11]}
hxg3 {[%clk 0:46:51]} 31. hxg3 {[%clk 0:14:35]} g4 {[%clk 0:45:45]} 32. fxg4
{[%clk 0:14:30]} Qg6 {[%clk 0:44:42]} 33. Qe2 {[%clk 0:10:47]} Re7 {[%clk
0:42:18]} 34. Qf3 {[%clk 0:09:48]} Ne8 {[%clk 0:40:15]} 35. Rd1 {[%clk 0:07:08]}
Nd4 {[%clk 0:38:50]} 36. Bxf7 {[%clk 0:04:52]} Rxf7 {[%clk 0:38:17]} 37. Qxf7+
{[%clk 0:04:43]} Qxf7 {[%clk 0:38:44]} 38. Ng5+ {[%clk 0:05:10]} Kg6 {[%clk
0:39:02]} 39. Nxf7 {[%clk 0:05:36]} Kxf7 {[%clk 0:39:29]} 40. Rh1 {[%clk
0:05:09]} Ne6 {[%clk 0:23:49]} 41. a4 {[%clk 0:28:03]} a5 {[%clk 0:49:04]} 42.
bxa5 {[%clk 0:25:15]} Nxc5 {[%clk 0:47:57]} 43. Rc1 {[%clk 0:24:25]} Na6 {[%clk
0:45:05]} 44. Kf3 {[%clk 0:18:57]} Kf6 {[%clk 0:43:46]} 45. Rh1 {[%clk 0:17:14]}
Ng7 {[%clk 0:42:49]} 46. Rh6+ {[%clk 0:16:20]} Kg5 {[%clk 0:40:59]} 47. Rd6
{[%clk 0:13:19]} Nc5 {[%clk 0:41:26]} 48. a6 {[%clk 0:12:07]} bxa6 {[%clk
0:41:38]} 49. Rxc6 {[%clk 0:12:06]} Nge6 {[%clk 0:39:53]} 50. Rd6 {[%clk
0:11:55]} a5 {[%clk 0:24:15]} 51. Rd5 {[%clk 0:10:47]} Kf6 {[%clk 0:24:39]} 52.
Ke3 {[%clk 0:10:43]} Nxa4 {[%clk 0:23:11]} 53. Rxa5 {[%clk 0:09:56]} Nac5 {[%clk
0:23:39]} 54. Ra8 {[%clk 0:08:20]} Ng5 {[%clk 0:19:02]} 55. Rf8+ {[%clk 0:08:41]}
Kg7 {[%clk 0:19:05]} 56. Rf5 {[%clk 0:08:27]} Nf7 {[%clk 0:19:29]} 57. Rh5 {[%clk
0:06:55]} Kg6 {[%clk 0:19:44]} 58. Rf5 {[%clk 0:07:01]} Nd7 {[%clk 0:19:47]} 59.
Rf1 {[%clk 0:07:11]} Nf6 {[%clk 0:20:05]} 60. Rf5 {[%clk 0:06:36]} Nxg4+ {[%clk
0:20:07]} 61. Kd3 {[%clk 0:05:40]} Nd6 {[%clk 0:19:56]} 62. Rf1 {[%clk 0:05:25]}
Kg5 {[%clk 0:20:22]} 63. Ra1 {[%clk 0:04:56]} Nf2+ {[%clk 0:19:23]} 64. Ke3
{[%clk 0:05:08]} Nfxe4 {[%clk 0:19:48]} 65. Ra6 {[%clk 0:05:13]} Kf6 {[%clk
0:17:17]} 66. g4 {[%clk 0:05:18]} Ke6 {[%clk 0:17:05]} 67. Ra1 {[%clk 0:04:19]}
Ng5 {[%clk 0:17:14]} 68. Ra6 {[%clk 0:04:36]} Kd7 {[%clk 0:16:11]} 69. Ra7+
{[%clk 0:04:57]} Kc6 {[%clk 0:16:21]} 70. Ra6+ {[%clk 0:05:02]} Kc7 {[%clk
0:16:38]} 71. Ra7+ {[%clk 0:05:22]} Kb6 {[%clk 0:17:05]} 72. Re7 {[%clk 0:04:48]}
Ndf7 {[%clk 0:17:09]} 73. Re8 {[%clk 0:04:24]} Kc6 {[%clk 0:16:51]} 74. Ra8
{[%clk 0:04:42]} Kd5 {[%clk 0:13:40]} 75. Ra5+ {[%clk 0:05:07]} Ke6 {[%clk
0:14:05]} 76. Ra8 {[%clk 0:05:21]} Kf6 {[%clk 0:12:04]} 77. Ra6+ {[%clk 0:05:39]}
Kg7 {[%clk 0:12:00]} 78. Ra7 {[%clk 0:06:03]} Kf6 {[%clk 0:10:43]} 79. Ra6+
{[%clk 0:06:32]} Ke7 {[%clk 0:10:26]} 80. Ra7+ {[%clk 0:07:01]} Ke6 {[%clk
0:10:48]} 81. Ra8 {[%clk 0:07:24]} Nd6 {[%clk 0:10:58]} 82. Ra6 {[%clk 0:07:39]}
Nf7 {[%clk 0:10:41]} 83. Kf3 {[%clk 0:06:25]} Kf6 {[%clk 0:09:10]} 84. g5+ {[%clk
0:06:00]} Nxg5+ {[%clk 0:09:15]} 85. Ke2 {[%clk 0:06:02]} Ne4 {[%clk 0:09:24]}
86. Ra5 {[%clk 0:06:08]} Nc3+ {[%clk 0:08:57]} 87. Kd3 {[%clk 0:06:24]} Ncb5
{[%clk 0:09:22]} 88. Ra1 {[%clk 0:04:57]} e4+ {[%clk 0:09:50]} 89. Kc2 {[%clk
0:04:59]} Nd4+ {[%clk 0:09:44]} 90. Kc3 {[%clk 0:05:04]} Nf3 {[%clk 0:08:14]} 91.
Ra5 {[%clk 0:03:24]} Ke6 {[%clk 0:08:18]} 92. Kc2 {[%clk 0:03:04]} Nc4 {[%clk
0:05:25]} 93. Ra8 {[%clk 0:03:00]} Kf5 {[%clk 0:03:47]} 94. Rf8+ {[%clk 0:02:35]}
Kg4 {[%clk 0:04:15]} 95. Kd1 {[%clk 0:02:24]} Nd6 {[%clk 0:01:53]} 96. Rf6 {[%clk
0:02:15]} Nc4 {[%clk 0:01:42]} 97. Rf8 {[%clk 0:01:53]} Nce5 {[%clk 0:01:21]} 98.
Ke2 {[%clk 0:02:09]} Ng5 {[%clk 0:00:44]} 99. Ke3 {[%clk 0:02:13]} Nc4+ {[%clk
0:01:06]} 100. Ke2 {[%clk 0:02:23]} Nd6 {[%clk 0:01:34]} 101. Ra8 {[%clk
0:01:55]} Nb5 {[%clk 0:01:53]} 102. Ke3 {[%clk 0:02:06]} Nc3 {[%clk 0:00:58]}
103. Re8 {[%clk 0:02:02]} Nd5+ {[%clk 0:01:12]} 104. Kf2 {[%clk 0:02:20]} Kf4
{[%clk 0:01:03]} 105. Rxe4+ {[%clk 0:02:41]} Nxe4+ {[%clk 0:01:30]} 106. Ke2
{[%clk 0:03:02]} Nb4 {[%clk 0:01:56]} 107. Kd1 {[%clk 0:03:09]} Ke3 {[%clk
0:02:14]} 108. Kc1 {[%clk 0:03:33]} Kd3 {[%clk 0:02:19]} 109. Kb2 {[%clk
0:03:50]} Nc5 {[%clk 0:02:31]} 110. Ka3 {[%clk 0:04:07]} Nc6 {[%clk 0:02:02]}
111. Kb2 {[%clk 0:04:29]} Nd4 {[%clk 0:02:22]} 112. Kc1 {[%clk 0:04:35]} Na4
{[%clk 0:02:40]} 113. Kd1 {[%clk 0:04:50]} Nc2 {[%clk 0:02:53]} 114. Kc1 {[%clk
0:05:20]} Ne3 {[%clk 0:03:11]} 115. Kb1 {[%clk 0:05:45]} Kc3 {[%clk 0:03:28]}
116. Kc1 {[%clk 0:05:53]} Nc5 {[%clk 0:02:30]} 117. Kb1 {[%clk 0:06:22]} Nd3
{[%clk 0:02:33]} 118. Ka2 {[%clk 0:06:39]} Kb4 {[%clk 0:02:59]} 119. Kb1 {[%clk
0:06:47]} Kb3 {[%clk 0:03:25]} 120. Ka1 {[%clk 0:07:11]} Nf4 {[%clk 0:00:46]}
121. Kb1 {[%clk 0:07:41]} Ne2 {[%clk 0:01:14]} 122. Ka1 {[%clk 0:08:04]} Nd5
{[%clk 0:00:42]} 123. Kb1 {[%clk 0:08:33]} Nc7 {[%clk 0:00:41]} 124. Ka1 {[%clk
0:09:02]} Nb5 {[%clk 0:01:05]} 125. Kb1 {[%clk 0:09:32]} Na3+ {[%clk 0:01:08]}
126. Ka1 {[%clk 0:10:00]} Nc2+ {[%clk 0:01:04]} 127. Kb1 {[%clk 0:10:29]} Ne3
{[%clk 0:01:12]} 128. Ka1 {[%clk 0:10:59]} Kc2 {[%clk 0:01:35]} 129. Ka2 {[%clk
0:11:28]} Nc4 {[%clk 0:01:54]} 130. Ka1 {[%clk 0:11:57]} Nd4 {[%clk 0:02:11]}
131. Ka2 {[%clk 0:12:27]} Nb5 {[%clk 0:02:29]} 132. Ka1 {[%clk 0:12:55]} Nd2
{[%clk 0:02:33]} 133. Ka2 {[%clk 0:13:25]} Nc3+ {[%clk 0:02:57]} 134. Ka3 {[%clk
0:13:46]} Nd5 {[%clk 0:03:15]} 135. Ka4 {[%clk 0:14:07]} Ne4 {[%clk 0:03:37]}
136. Kb5 {[%clk 0:14:34]} Kd3 {[%clk 0:04:00]} 137. Kc6 {[%clk 0:14:55]} Kd4
{[%clk 0:04:28]} 138. Kd7 {[%clk 0:15:11]} Ke5 {[%clk 0:04:23]} 139. Kc6 {[%clk
0:15:36]} Ndc3 {[%clk 0:04:36]} 140. Kd7 {[%clk 0:15:54]} Kd5 {[%clk 0:04:58]}
141. Ke7 {[%clk 0:16:10]} Nb5 {[%clk 0:05:16]} 142. Kf7 {[%clk 0:16:30]} Ke5
{[%clk 0:05:41]} 143. Kg6 {[%clk 0:16:56]} Nbd6 {[%clk 0:06:05]} 144. Kh5 {[%clk
0:17:16]} Kf5 {[%clk 0:06:26]} 145. Kh4 {[%clk 0:17:29]} Nc4 {[%clk 0:06:33]}
146. Kh3 {[%clk 0:17:48]} Kg5 {[%clk 0:06:58]} 147. Kg2 {[%clk 0:18:14]} Kg4
{[%clk 0:07:23]} 148. Kf1 {[%clk 0:18:36]} Kf3 {[%clk 0:07:50]} 149. Ke1 {[%clk
0:18:58]} Nb2 {[%clk 0:07:55]} 150. Kf1 {[%clk 0:19:22]} Nd3 {[%clk 0:08:20]}
151. Kg1 {[%clk 0:19:52]} Nd2 {[%clk 0:00:50]} 152. Kh2 {[%clk 0:20:14]} Nf4
{[%clk 0:00:40]} 153. Kg1 {[%clk 0:20:34]} Kg3 {[%clk 0:00:58]} 154. Kh1 {[%clk
0:21:03]} Ne4 {[%clk 0:00:54]} 155. Kg1 {[%clk 0:21:30]} Ne2+ {[%clk 0:01:16]}
 1/2-1/2

[Event "British Chess Championships 2023: Major Open"]
[Site "The Venue, De Montfort University, 20 Western Boulevard, Leicester, LE2 7BU"]
[Date "2023.07.27"]
[Round "6"]
[Board "3"]
[White "Verma, Aditya"]
[Black "Brewer, Callum D"]
[Result "1-0"]
[WhiteElo "2138"]
[BlackElo "2132"]
[PlyCount "0"]
[EventDate "2023.07.22"]
[EventRounds "9"]
[EventCountry "ENG"]

1. e4 {[%clk 1:30:58]} c6 {[%clk 1:30:59]} 2. d4 {[%clk 1:31:22]} d5 {[%clk
1:31:27]} 3. e5 {[%clk 1:31:50]} Bf5 {[%clk 1:31:50]} 4. Nc3 {[%clk 1:32:17]} e6
{[%clk 1:31:57]} 5. g4 {[%clk 1:32:43]} Bg6 {[%clk 1:32:25]} 6. Nge2 {[%clk
1:33:09]} h5 {[%clk 1:32:28]} 7. Nf4 {[%clk 1:33:31]} Bh7 {[%clk 1:32:06]} 8.
Nxh5 {[%clk 1:33:52]} c5 {[%clk 1:32:10]} 9. dxc5 {[%clk 1:31:57]} Nc6 {[%clk
1:29:33]} 10. Bb5 {[%clk 1:31:43]} Qc7 {[%clk 1:24:27]} 11. Bxc6+ {[%clk
1:25:42]} Qxc6 {[%clk 1:24:26]} 12. Qf3 {[%clk 1:21:44]} Be4 {[%clk 1:12:36]} 13.
Nxe4 {[%clk 1:21:34]} dxe4 {[%clk 1:10:24]} 14. Qg2 {[%clk 1:21:13]} Bxc5 {[%clk
1:07:29]} 15. O-O {[%clk 1:17:45]} O-O-O {[%clk 1:05:25]} 16. Re1 {[%clk
1:10:19]} f5 {[%clk 1:00:31]} 17. exf6 {[%clk 1:04:03]} Nxf6 {[%clk 0:57:50]} 18.
Nxf6 {[%clk 1:00:57]} gxf6 {[%clk 0:58:12]} 19. Qxe4 {[%clk 1:00:40]} Qxe4 {[%clk
0:53:02]} 20. Rxe4 {[%clk 0:59:56]} Rd1+ {[%clk 0:53:11]} 21. Kg2 {[%clk
1:00:21]} Bd6 {[%clk 0:51:09]} 22. h3 {[%clk 0:58:13]} f5 {[%clk 0:40:39]} 23.
Rc4+ {[%clk 0:55:02]} Kd7 {[%clk 0:39:46]} 24. g5 {[%clk 0:45:29]} Be7 {[%clk
0:28:47]}  1-0